Обоснование условий формирования сложного типа коллектора на примере месторождений Томской области; Проблемы и перспективы развития минерально-сырьевой базы и предприятий ТЭК Сибири

Bibliographic Details
Parent link:Проблемы и перспективы развития минерально-сырьевой базы и предприятий ТЭК Сибири.— 2005.— С. 74- 79.
Main Author: Гайдукова Т. А. Татьяна Алексеевна
Other Authors: Зимина С. В. Светлана Валерьевна
Language:Russian
Published: 2005
Subjects:
Format: Book Chapter
KOHA link:https://koha.lib.tpu.ru/cgi-bin/koha/opac-detail.pl?biblionumber=97136

MARC

LEADER 00000naa2a2200000 4500
001 97136
005 20231225150201.0
035 |a (RuTPU)RU\TPU\book\104118 
090 |a 97136 
100 |a 20060523d2005 k y0rusy50 ca 
101 0 |a rus 
102 |a RU 
200 1 |a Обоснование условий формирования сложного типа коллектора на примере месторождений Томской области  |f Т. А. Гайдукова, С. В. Зимина 
320 |a Библиогр.: 1 назв. 
463 0 |0 (RuTPU)RU\TPU\book\66225  |t Проблемы и перспективы развития минерально-сырьевой базы и предприятий ТЭК Сибири  |o материалы межрегиональной научно-практической конференции, Томск, 2005 г.  |f Межрегиональная ассоциация "Сибирское соглашение"; Территориальное агентство по недропользованию по Томской области; Томский политехнический университет; Сибирское отделение РАН; ОАО "Томскнефть"; Томский научно-исследовательский институт нефти и газа (ТомскНИПИнефть ВНК); Проблемы и перспективы развития минерально-сырьевой базы и предприятий ТЭК Сибири, межрегиональная научно-практическая конференция; [гл. ред. В. Г. Емешев]  |v С. 74- 79.  |d 2005  |p 339 с. 
610 1 |a коллекторы 
610 1 |a сложные коллекторы 
610 1 |a Томская область 
610 1 |a месторождения 
610 1 |a нефтедобыча 
610 1 |a Двуреченское месторождение 
610 1 |a Каймысовский свод 
610 1 |a продуктивные отложения 
610 1 |a труды учёных ТПУ 
700 1 |a Гайдукова  |b Т. А.  |c геолог  |c доцент Томского политехнического университета  |f 1951-  |g Татьяна Алексеевна  |3 (RuTPU)RU\TPU\pers\26090 
701 1 |a Зимина  |b С. В.  |c горный инженер-геолог  |c доцент Томского политехнического университета, кандидат геолого-минералогических наук  |f 1970-  |g Светлана Валерьевна  |3 (RuTPU)RU\TPU\pers\26248  |9 12034 
801 1 |a RU  |b 63413507  |c 20060523  |g PSBO 
801 2 |a RU  |b 63413507  |c 20190523  |g PSBO 
942 |c BK